00837 2200205 4500001002100000005001500021035002000036008004100056245003700097100002200134250000600156260003400162300001200196020001800208084001400226520036100240082000800601650001000609990001200619INLIS00000000000005720240711093435 a0010-0424000033240711 1 ind 1 aHeart Attack /cClara Canceriana aCanceriana, Clara a1 aJakarta :bGagas Media,c2014 a233 hlm a979-780-693-6 a800 CLA h aHeart Attack bercerita tentang sebuah boyband Indonesia yang bernama HeartBreakers yang beranggotakan Sandro, Leon, dan Bima. Masalah timbul saat Bima sang leader tiba-tiba menghilang dan keluar dari group. Pihak managemen mereka terpaksa mencari penggantinya. Axel, seorang pianis yang pintar menciptakan lagu akhirnya digaet sebagai member HeartBreakers. a800 4aFiksi a0737324